| 000 | 01151 a2200217 4500 | ||
|---|---|---|---|
| 005 | 20080904105618.0 | ||
| 008 | 080904t xxu||||| |||| 00| 0 hin d | ||
| 010 | _aHIN-78969 | ||
| 020 |
_a8177791419 _c160.00 |
||
| 035 | _aHN-51316 | ||
| 037 | _bD.B.Act / pub | ||
| 082 | _a378.5421 | ||
| 100 | _aसैनी, आर.एस. | ||
| 245 |
_aसागर विश्वविद्यालय बैरक्स से पथरिया की पहाड़ियों का सफर _cआर.एस.सैनी |
||
| 246 |
_aSagar vishvavidhyalya ; bareks se patharia ki pharhiyon ka saphar _bby R. S. Saini |
||
| 260 |
_aइलाहाबाद _bसाहित्य भंडार _c2006 |
||
| 270 |
_a50,चाहचन्द _bइलाहाबाद _e3 |
||
| 300 |
_a144पृ _c22 सेमी (सजिल्द) _bसचित्र |
||
| 942 |
_adpl _cHN _k378.5421 / सैनीआ _2ddc _h378.5421 _m सैनीआ |
||
| 999 |
_c1077 _d1077 |
||